000 00510cam a2200169 4500500
005 20260329004619.0
041 _afre
042 _adc
100 1 0 _aN’Diaye, Aïda
_eauthor
245 0 0 _aVivre avec le trouble
260 _c2020.
500 _a85
690 _aCohabitation
690 _aDonna Haraway
786 0 _nPhilosophie magazine | 142 | 9 | 2020-09-01 | p. 93-94 | 1951-1787
856 4 1 _uhttps://shs.cairn.info/magazine-philosophie-magazine-2020-9-page-93?lang=fr&redirect-ssocas=7080
999 _c1835652
_d1835652